Ivanka zastrelil starou puškou jeho bratranec

Podrobná bibliografia
Hlavný autor: Kohútová, Magdaléna (Autor)
Médium: Článok
Jazyk:slovenčina
Predmet:

MARC

LEADER 00000nab a2200000 a 4500
001 vtls001028283
003 SK-MaSNL
005 20260304010948.0
008 040720e19950727xo 0 slo
035 |a SL6837 
040 |a SLLK  |b slo  |c SLLK  |e AACR2 
041 0 |a slo 
044 |a xo  |c SK 
080 |a 343.61  |2 1981 
100 1 |a Kohútová, Magdaléna  |4 aut  |9 882179 
245 1 0 |a Ivanka zastrelil starou puškou jeho bratranec 
650 0 7 |a trestné činy  |2 SLLK  |9 2181 
650 0 7 |a zabitie neúmyselné  |2 SLLK  |9 1289256 
651 7 |a Orlov (Slovensko)  |2 SLLK  |9 57167 
651 7 |a Stará Ľubovňa (Slovensko)  |2 SLLK  |9 19193 
651 7 |a SL,  |2 SLLK  |9 1022390 
655 7 |a periodikum  |2 snkbucl  |9 29553 
773 0 8 |t Nový Čas  |g Roč. 5, č.173, 27.7.1995, s. 6 
852 |a ZVYKNI  |b KIS3GCP 
999 |c 2563825  |d 2565755